000 00954cam a2200313 4500
001 17627
003 BD-RjUL
005 20211209000153.0
008 140217s1969 nju b 000 0 eng
020 _a0135406749
035 _a(BD-RjUL)17685
040 _aDLC
_cDLC
_dDLC
_dBD-RjUL
_beng
041 _aeng
082 0 0 _a823.912
_bTWE
100 1 _aKuehn, Robert E.,
_d1932-
_954356
245 1 0 _aTwentieth century interpretations of Lord Jim;
_ba collection of critical essays.
_cEdited by Robert E. Kuehn.
260 _aEnglewood Cliffs, N.J. :
_bPrentice-Hall,
_c1969.
300 _aiv, 120 p. ;
_c21 cm.
350 _a4.95
490 0 _aTwentieth century interpretations
490 0 _aA Spectrum book.
504 _aIncludes bibliographies.
600 1 0 _aConrad, Joseph,
_d1857-1924.
_951716
651 0 _aIndonesia
_xIn literature.
_954357
740 _aLord Jim.
942 _2ddc
_cBK
999 _c17627
_d17627